[Event "Rowy Jantar op-B 11th"]
[Site "Rowy"]
[Date "2002.06.13"]
[Round "6"]
[White "Zacniewski, Artur"]
[Black "Pranovich, Ivan"]
[Result "1/2-1/2"]
[WhiteElo "1800"]
[BlackElo "2000"]
[PlyCount "64"]
[EventDate "2002.06.??"]
[EventType "swiss"]
[EventRounds "8"]
[EventCountry "POL"]
[SourceTitle "EXT 2006"]
[Source "ChessBase"]
[SourceDate "2005.11.24"]
[SourceVersion "1"]
[SourceVersionDate "2005.11.24"]
[SourceQuality "1"]

1. e4 c5 2. Nf3 Nc6 3. d4 cxd4 4. Nxd4 Nf6 5. Nc3 d6 6. Bg5 e5 7. Nb3 Be7 8. f3 h6 9. Be3 Be6 10. Qd2 d5 11. exd5 Nxd5 12. Nxd5 Qxd5 13. Qf2 Bf5 14. Rd1 Qe6 15. c3 0-0 16. Be2 b6 17. Nc1 Rad8 18. 0-0 Bc2 19. Rxd8 Rxd8 20. Bb5 Bf5 21. Qg3 Na5 22. Re1 Qf6 23. Qf2 Nb7 24. Bc4 Nc5 25. Kh1 Be6 26. Bxe6 Qxe6 27. Qe2 f6 28. Bxc5 Bxc5 29. Nb3 Bd6 30. Rd1 Be7 31. Rxd8+ Bxd8 32. Qd3 Be7 1/2-1/2

[Event "Rowy Jantar op-B 11th"]
[Site "Rowy"]
[Date "2002.06.10"]
[Round "3"]
[White "Pranovich, Ivan"]
[Black "Lapinska, Malgorzata"]
[Result "1-0"]
[WhiteElo "2000"]
[BlackElo "1800"]
[PlyCount "51"]
[EventDate "2002.06.??"]
[EventType "swiss"]
[EventRounds "8"]
[EventCountry "POL"]
[SourceTitle "EXT 2006"]
[Source "ChessBase"]
[SourceDate "2005.11.24"]
[SourceVersion "1"]
[SourceVersionDate "2005.11.24"]
[SourceQuality "1"]

1. d4 d5 2. Nf3 Nf6 3. e3 Bg4 4. Be2 e6 5. Nbd2 Nc6 6. 0-0 Bd6 7. b3 0-0 8. Bb2 Re8 9. Ne5 Bxe2 10. Qxe2 Ne7 11. f4 c6 12. Rf3 a5 13. a3 Qc7 14. Rh3 Nc8 15. g4 Nb6 16. g5 Nfd7 17. Qh5 Nf8 18. Rf1 Qe7 19. Ndf3 Rac8 20. Rf2 Rc7 21. Ng4 Nbd7 22. Nfe5 Rec8 23. Rg2 b5 24. Nxd7 Rxd7 25. Nf6+ Kh8 26. Qxh7+ 1-0